UBT Library

Get ready for physics / (Record no. 40224)

000 -LEADER
fixed length control field 00923cam a22002897a 4500
001 - CONTROL NUMBER
control field 16608694
005 - DATE AND TIME OF LATEST TRANSACTION
control field 20180112095858.0
008 - FIXED-LENGTH DATA ELEMENTS--GENERAL INFORMATION
fixed length control field 110112s2011 enka 001 0 eng
010 ## - LIBRARY OF CONGRESS CONTROL NUMBER
LC control number 2010284285
015 ## - NATIONAL BIBLIOGRAPHY NUMBER
National bibliography number GBB042211
Source bnb
016 7# - NATIONAL BIBLIOGRAPHIC AGENCY CONTROL NUMBER
Record control number 015515403
Source Uk
020 ## - INTERNATIONAL STANDARD BOOK NUMBER
International Standard Book Number 9780321556257 (pbk.)
020 ## - INTERNATIONAL STANDARD BOOK NUMBER
International Standard Book Number 0321556259 (pbk.)
035 ## - SYSTEM CONTROL NUMBER
System control number (OCoLC)ocn573152664
040 ## - CATALOGING SOURCE
Original cataloging agency UKM
Transcribing agency UKM
Modifying agency YDXCP
-- BTCTA
-- UBY
-- MIA
-- DLC
041 ## - LANGUAGE CODE
Language code of text/sound track or separate title eng
042 ## - AUTHENTICATION CODE
Authentication code lccopycat
080 ## - UNIVERSAL DECIMAL CLASSIFICATION NUMBER
Universal Decimal Classification number 530
082 04 - DEWEY DECIMAL CLASSIFICATION NUMBER
Classification number 530 ADE
Edition number 22
100 1# - Rafti
Rafti 43
101 ## - Shkurtesa
Shkurtesa FIZ
245 10 - TITLE STATEMENT
Title Get ready for physics /
Statement of responsibility, etc Edward Adelson.
906 ## - LOCAL DATA ELEMENT F, LDF (RLIN)
a 7
b cbc
c copycat
d 2
e ncip
f 20
g y-gencatlg
942 ## - ADDED ENTRY ELEMENTS (KOHA)
Source of classification or shelving scheme
Item type Books
Holdings
Withdrawn status Lost status Source of classification or shelving scheme Damaged status Not for loan Collection code Permanent location Current location Shelving location Date acquired Total Checkouts Full call number Barcode Date last seen Price effective from Koha item type
          Koleksioni i përgjithshem UBT - Lipjan UBT - Lipjan Koleksioni i përgjithshem 01/12/2018   530 ADE 002-2995301 01/12/2018 01/12/2018 Books
UBT Library © 2015-2024. All rights reserved University Education for Business and Technology